| 000 | 00720nam a2200229Ia 4500 | ||
|---|---|---|---|
| 003 | OSt | ||
| 005 | 20251104092000.0 | ||
| 008 | 210716s2018 xx 000 0 und d | ||
| 020 | _a9788126557394 | ||
| 040 | _cAIMIT LIBRARY | ||
| 041 | _aeng | ||
| 082 |
_a005.76 _bMASL |
||
| 100 |
_aMassaron, Luca. _9243661 |
||
| 245 |
_aPython for data science : _bfor dummies / _cBy Luca Massaron and John Paul Mueller. |
||
| 250 | _a1st ed. | ||
| 260 |
_aNew Delhi : _bWiley India Pvt Ltd , _c2018. |
||
| 300 |
_axii,418 p.; _bPB _c24.5 cm. |
||
| 650 |
_aIntroducing pythons capabilities and wonders _9243662 |
||
| 650 |
_aWorking with real data _9243663 |
||
| 700 |
_aMassaron, Luca. _9243661 |
||
| 942 |
_2ddc _cBK _k005.76 MASL |
||
| 999 |
_c197054 _d197054 |
||